| 000 | 00587nam a2200205Ia 4500 | ||
|---|---|---|---|
| 003 | IN-BaIIA | ||
| 008 | 211028s9999 xx 000 0 eng d | ||
| 040 | _cIIA Library | ||
| 080 |
_a681.14 _bKOR |
||
| 100 |
_aKorn, Granino A _94369 |
||
| 245 | 0 |
_aElectronic analog computers _bD C analog _cGranino A. Korn and Theresa M. Korn |
|
| 250 | _a2nd ed. | ||
| 260 |
_aNew York _bMcGraw-Hill _c1956 |
||
| 300 | _axiv, 452p. | ||
| 650 |
_a Analog Computers _98104 |
||
| 650 |
_a Electronic Computers _98105 |
||
| 650 | _aNASA Thesaurus | ||
| 700 |
_aKorn, Theresa M _94370 |
||
| 942 | _cBK | ||
| 999 |
_c4595 _d4595 |
||